[Event "WEM-KT 2018"]
[Site "Illertissen"]
[Date "2018.08.25"]
[Round "1"]
[White "Anistratov, Dmitriy"]
[Black "Bossinger, Patrick"]
[Result "1-0"]
[WhiteElo "2279"]
[BlackElo "2039"]
[Annotator "TA"]
[PlyCount "125"]
[EventDate "2018.08.25"]
[EventType "tourn"]
[EventCountry "GER"]
[SourceTitle "playchess.com"]
[Source "ChessBase"]
[SourceQuality "1"]

{[%evp 20,125,22,20,47,43,42,36,41,35,36,31,34,31,46,29,41,2,17,10,41,48,109,109,109,110,112,108,160,166,214,220,258,267,264,265,277,272,264,264,284,281,279,271,320,316,282,217,439,435,555,544,604,588,1363,961,774,475,472,470,456,456,512,512,508,507,512,512,512,506,497,370,483,310,295,295,370,370,370,370,531,518,524,505,667,667,652,499,451,357,2806,1923,2498,2299,29980,29981,29981,29982,29983,29982,29984,29984,29986,29987,29988,29987,29988,29978]} 1. Nf3 Nf6 2. g3 b6 3. Bg2 Bb7 4. O-O g6 5. b3 Bg7 6. Bb2 O-O 7. c4 c5 8. Nc3 Ne4 9. Qc2 {A30: Englische Eröffnung (Symmetrische Variante)} Nxc3 10. Bxc3 Bxc3 11. Qxc3 {LiveBook: 16 Partien. Die Stellung ist ausgeglichen.} Qc7 $146 ({Vorgänger:} 11... d6 12. d4 cxd4 13. Nxd4 Bxg2 14. Kxg2 a6 15. h4 h5 16. Qf3 Ra7 {½-½ (30) Almasi,Z (2688)-Ivanchuk,V (2710) Varadero 2016}) 12. d4 cxd4 13. Qxd4 Nc6 14. Qe3 Rad8 15. Rfd1 Kg7 16. Rac1 d6 17. h4 e5 18. Qc3 Ne7 19. Rd2 Bxf3 20. Bxf3 Rc8 (20... h6 $14) 21. Rcd1 $16 Rfd8 22. Qb4 a5 {[#]} 23. Qa3 $1 Nf5 ({Günstiger ist} 23... Ng8 24. Rxd6 Nf6) 24. Bg4 Nd4 25. Bxc8 Qxc8 26. Qb2 Qc5 27. Rxd4 exd4 28. Rxd4 $18 {[%mdl 4096] Endspiel KDT-KDT} ({Jedoch nicht} 28. Qxd4+ $6 Qxd4 29. Rxd4 Kf6 $16) 28... Qe5 29. Qd2 f5 30. Kg2 Kf7 31. Kh2 Ke7 32. Rd5 Qe6 33. e3 h6 $2 (33... Qe4 34. Rd4 Qe6) 34. Qd4 Qf6 35. Qxb6 Qb2 36. Kg2 Qxa2 37. Rxa5 Qc2 38. Qd4 Qe4+ 39. Qxe4+ fxe4 {KT-KT} 40. b4 Rc8 41. c5 dxc5 42. bxc5 Rc6 43. Ra4 Rxc5 44. Rxe4+ Kf6 45. Rf4+ Ke6 46. Rf8 Ke7 47. Rh8 Kf6 48. g4 {[%cal Bg3g4,Bg4g5][%mdl 32]} Kg7 49. Ra8 Rc4 (49... g5 {ist wohl besser.} 50. Ra7+ Kf6) 50. f3 Rc2+ 51. Kg3 Rc1 52. g5 Rc7 53. e4 Rb7 54. Ra6 Rc7 $2 {[#]} (54... hxg5 55. hxg5 Rb4 56. Ra7+ Kf8) 55. h5 $1 hxg5 (55... gxh5 56. Rxh6) 56. Rxg6+ Kh7 57. Rxg5 {Weiß setzt Matt.} Kh6 58. Kg4 Rc1 59. f4 Rc4 60. e5 Re4 61. Kf5 Re1 62. Rg2 Rh1 63. Ke4 {Precision: Weiß = 79%, Schwarz = 25%.} 1-0

[Event "WEM-KT 2018"]
[Site "Illertissen"]
[Date "2018.08.25"]
[Round "1"]
[White "Laengl, Juergen"]
[Black "Hermann, Tobias"]
[Result "1-0"]
[WhiteElo "2223"]
[BlackElo "2002"]
[Annotator "TA"]
[PlyCount "57"]
[EventDate "2018.08.25"]
[EventType "tourn"]
[EventCountry "GER"]
[SourceTitle "playchess.com"]
[Source "ChessBase"]
[SourceQuality "1"]

{[%evp 18,57,0,-2,0,0,0,0,0,0,0,0,8,-18,-9,-13,-9,-16,-23,-43,-13,-26,0,-2,0,0,0,0,0,0,0,-4,0,-19,0,0,0,0,0,0,497,504]} 1. d4 Nf6 2. Nc3 d5 3. Bg5 Nbd7 4. e3 e6 5. Bd3 Be7 6. Nf3 O-O 7. O-O b6 8. e4 dxe4 9. Nxe4 Bb7 10. Qe2 {LiveBook: 3 Games} h6 {D03: 1 d4 d5 2 Nf3 Nf6 3 Bg5, including Torre Attack with early ...d5} (10... c5 11. dxc5 Nxc5 12. Nxc5 bxc5 13. Rad1 Qa5 14. Bc4 Qc7 15. Ne5 Nd5 16. Bxe7 Qxe7 17. Bxd5 exd5 18. Rfe1 {1-0 (107) Cristobal,M (2208)-Cubas,J (2536) Montevideo 2011}) 11. Bxf6 Nxf6 12. c3 $146 ({Predecessor:} 12. Rad1 Nd5 13. g3 Qc8 14. c4 Nb4 15. Bb1 f5 16. Nc3 Bf6 17. a3 Na6 18. Ba2 {1-0 (58) Nehybka,J (2235)-Zejda,K (1869) Brno 2011}) 12... Nxe4 {The position is equal.} 13. Bxe4 Bxe4 14. Qxe4 Bf6 15. c4 Qd6 16. Rad1 c5 17. dxc5 Qxc5 18. Rd2 Rad8 {Hoping for ...Rxd2.} 19. Rfd1 Qc7 {With the idea ...Bxb2!} (19... Rxd2 {is more complex.} 20. Rxd2 b5 21. cxb5 Qxb5 22. b3 Rc8) 20. b3 Rxd2 21. Rxd2 Rd8 22. Rxd8+ Qxd8 23. g3 Qe7 24. a4 Qa3 25. Qd3 h5 26. Kg2 g6 27. Nd2 Qc5 28. Ne4 Qc6 $2 {[%mdl 8192] [#]} (28... Qe5 $11) 29. Qf3 {Precision: White = 58%, Black = 60%.} 1-0

[Event "WEM-KT 2018"]
[Site "Illertissen"]
[Date "2018.08.25"]
[Round "1"]
[White "Engelhart, Achim, Dr."]
[Black "Handel, Oliver"]
[Result "1/2-1/2"]
[WhiteElo "2126"]
[BlackElo "1839"]
[Annotator "TA"]
[PlyCount "47"]
[EventDate "2018.08.25"]
[EventType "tourn"]
[EventCountry "GER"]
[SourceTitle "playchess.com"]
[Source "ChessBase"]
[SourceQuality "1"]

{[%evp 25,47,33,44,12,33,21,84,76,70,82,79,70,112,102,117,62,81,83,83,89,83,72,85,85]} 1. e4 e5 2. Nf3 Nc6 3. Bb5 {[%cal Bf1b5,Bb5a4,Ba4b3][%mdl 32]} a6 4. Ba4 Nf6 5. O-O b5 6. Bb3 Be7 7. Re1 d6 8. c3 O-O 9. h3 Na5 10. Bc2 c5 11. d4 cxd4 12. cxd4 exd4 13. Nxd4 Re8 {LiveBook: 23 Partien. C96: Spanische Partie (Abweichungen vom Tschigorin-System)} 14. a4 (14. Nc3 Bb7 15. Nf5 Rc8 16. Bg5 Nc4 17. Qd4 Nxb2 18. Bb3 Nc4 19. Rad1 Qd7 20. Rd3 Bd8 21. Nxg7 Re5 22. Nf5 Nxe4 23. Nh6+ Kf8 24. Bxd8 Rxd8 25. f4 {1-0 (25) Kamsky,G (2741)-Morozevich,A (2760) Thessaloniki 2013 CBM 155 [Mikhalchishin,A]}) 14... Bd7 15. Nc3 {[%cal Ra4b5]} Nc6 $146 (15... b4 $1 $11 {bleibt in der Remisbreite.} 16. Nce2 Rc8) ({Vorgänger:} 15... b4 16. Nce2 Bf8 17. Ng3 g6 18. Bf4 Rc8 19. Bd3 Qb6 20. Be3 {1-0 (42) Azarov,S (2584)-Li,B (2243) Dayton 2017}) 16. axb5 $16 Nxd4 17. Qxd4 axb5 18. Bf4 Qc7 19. Bb3 Qc5 {[#]} 20. Qd3 ({Lieber} 20. Qxc5 $1 $16 dxc5 21. e5) 20... Qb4 21. Nd5 {Weiß steht besser.} Rxa1 22. Rxa1 ({Ein No Go ist} 22. Nxb4 Rxe1+ 23. Kh2 Nxe4 $15) 22... Nxd5 23. Bxd5 {Und Ta7 würde nun gewinnen.} Qxb2 24. Ra7 1/2-1/2

[Event "WEM-KT 2018"]
[Site "Illertissen"]
[Date "2018.08.25"]
[Round "1"]
[White "Gustain, Marc"]
[Black "Jooss, Achim"]
[Result "1-0"]
[WhiteElo "2102"]
[BlackElo "1749"]
[Annotator "TA"]
[PlyCount "77"]
[EventDate "2018.08.25"]
[EventType "tourn"]
[EventCountry "GER"]
[SourceTitle "playchess.com"]
[Source "ChessBase"]
[SourceQuality "1"]

{[%evp 9,77,74,104,104,105,105,111,119,120,112,119,126,151,121,196,194,197,109,120,91,98,28,104,87,92,92,89,97,110,74,106,102,93,87,196,152,151,144,306,292,297,230,196,191,179,162,235,187,197,192,194,175,225,222,252,244,247,245,243,245,271,246,260,253,452,437,420,423,441,433]} 1. e4 e6 2. d4 d5 3. Nc3 {[%cal Bb1c3,Bc3e4,Be4g3][%mdl 32]} dxe4 4. Nxe4 Nc6 5. Nf3 Bb4+ (5... Nf6 6. Bd3 Bd7 7. O-O Nb4 8. Nxf6+ gxf6 9. Be2 b5 10. Re1 Nd5 11. a4 a6 12. Bd3 h5 13. Bd2 h4 {1-0 (39) Debashis,D (2489)-Nguyen,N (2662) Al Ain 2015}) 6. c3 {C10: French with 3 Nc3: Unusual Black 3rd moves and 3...dxe4} Be7 7. Bd3 f5 8. Ng3 $146 {White is better.} ({Predecessor:} 8. Ned2 Nf6 9. O-O O-O 10. Re1 Nd5 11. Nc4 a5 12. h3 a4 13. Bd2 a3 14. b4 b5 15. Nce5 Nxe5 16. Nxe5 Qe8 {0-1 (16) Pech,J (1643)-Andreani,C (998) LSS email 2009}) 8... Nf6 9. O-O O-O 10. Re1 Qd6 11. Qe2 Bd7 (11... Nd5 $16 {keeps fighting.}) 12. Ne5 $18 Bc8 13. Bd2 (13. Nxc6 $18 Qxc6 {[#]} 14. Nxf5 $1 {[%mdl 512]} exf5 15. Bb5 (15. Bc4+ Nd5 $16)) 13... Nd5 $16 14. Nc4 Qd8 15. Rad1 ({White should play} 15. b4 $16) 15... Bg5 (15... b5 $1 $11) 16. b4 Nf4 17. Bxf4 Bxf4 18. Qf3 $36 {[%mdl 2048] Black is under strong pressure.} Qh4 19. Nf1 {[#] Black must now prevent g3.} Bg5 20. Nb2 {[%cal Bc4b2,Bb2d3,Bd3c5][%mdl 32]} Ne7 21. Bc4 {[%cal Bd3c4,Bc4b3,Bb3e6,Be6f5,Bf5e4][%mdl 32]} Rf6 (21... Qf4 $16) 22. Nd3 c6 23. Bb3 Bd7 $2 (23... a5 $16) 24. Nc5 $18 Bc8 25. Nxe6 (25. Bxe6+ $6 Bxe6 26. Nxe6 (26. Rxe6 Rxe6 27. Nxe6 Re8 $16) 26... Nd5 $18) 25... Bxe6 26. Rxe6 Rxe6 27. Bxe6+ Kf8 (27... Kh8 {is a better defense.} 28. d5 (28. Bxf5 Rf8 $11) 28... Qc4 29. dxc6 Qxc6) 28. Bxf5 {aiming for g3.} Qf4 29. Qxf4 ({Weaker is} 29. Bxh7 Qxf3 30. gxf3 g6 $11) 29... Bxf4 30. Be4 ({Don't play} 30. Bxh7 $6 g6) 30... Rc8 31. g3 ({Much less strong is} 31. Bxh7 $6 g6 $16) 31... Bg5 32. f4 Bf6 33. Ne3 Kf7 34. Kf2 h6 35. Kf3 h5 36. h3 Nd5 $2 (36... g5 37. f5 Rd8) 37. Bxd5+ cxd5 38. Nxd5 Ke6 39. Ke4 {Precision: White = 56%, Black = 35%.} 1-0

[Event "WEM-KT 2018"]
[Site "Illertissen"]
[Date "2018.08.25"]
[Round "1"]
[White "Bildt, Maximilian"]
[Black "Seidler, Ottmar"]
[Result "1-0"]
[WhiteElo "2073"]
[BlackElo "1706"]
[Annotator "NA RC"]
[PlyCount "60"]
[EventDate "2018.08.25"]
[EventType "tourn"]
[EventCountry "GER"]
[SourceTitle "playchess.com"]
[Source "ChessBase"]
[SourceQuality "1"]
[TimeControl "40/6000+30:3000+30"]

1. e4 {[%emt 0:09:34]} e5 {[%emt 0:09:49]} 2. Nf3 {[%emt 0:00:10]} Nc6 {[%emt 0:00:26]} 3. Bb5 {[%emt 0:00:10]} Bc5 {[%emt 0:00:43]} 4. O-O {[%emt 0:02:29]} d6 {[%emt 0:06:03]} 5. c3 {[%emt 0:03:16]} Bd7 {[%emt 0:02:06]} 6. d4 {[%emt 0:01:38]} exd4 {[%emt 0:05:16]} 7. cxd4 {[%emt 0:00:35]} Bb6 $16 {[%emt 0:00:45] LiveBook: 3 Games} 8. Nc3 {[%emt 0:08:36]} Nge7 {[%emt 0:06:17]} 9. Na4 {[%emt 0:14:48]} Ba5 {[%emt 0:07:55]} 10. a3 {[%emt 0:07:04]} a6 {[%emt 0:06:32]} 11. Bxc6 {[%emt 0:00:26]} Bxc6 {[%emt 0:05:58]} 12. b4 {[%emt 0:01:45]} Qd7 {[%emt 0:01:23]} 13. Nc3 {[%emt 0:07:18]} Bb6 {[%emt 0:03:37]} 14. d5 {[%emt 0:01:11]} Bb5 {[%emt 0:00:21]} 15. Nxb5 {[%emt 0:04:27]} Qxb5 {[%emt 0:02:00]} 16. Bb2 {[%emt 0:01:17]} O-O {[%emt 0:01:15]} 17. Nd4 {[%emt 0:01:10]} Qd7 {[%emt 0:00:19]} 18. Qd3 {[%emt 0:04:17]} Ng6 {[%emt 0:03:18]} 19. Nf5 {[%emt 0:02:40]} f6 {[%emt 0:06:48]} 20. Bd4 {[%emt 0:07:49]} Bxd4 {[%emt 0:04:10]} 21. Nxd4 {[%emt 0:00:27]} Rfe8 {[%emt 0:02:05]} 22. Rac1 {[%emt 0:01:29]} Nf8 {[%emt 0:01:29]} 23. Rc3 {[%emt 0:01:50]} Re7 {[%emt 0:02:20]} 24. Rfc1 {[%emt 0:02:04]} Rc8 {[%emt 0:02:53]} 25. Nf5 {[%emt 0:01:13]} Rf7 {[%emt 0:03:31]} 26. Qg3 {[%emt 0:01:43]} Ng6 {[%emt 0:16:29]} 27. Qd3 {[%emt 0:00:44]} Re7 {[%emt 0:00:05]} 28. Qc2 {[%emt 0:00:06]} Re5 29. Qd1 {[%emt 0:00:23]} Nf8 30. Ra1 Ng6 {[%emt 0:00:05]} 1-0

[Event "WEM-KT 2018"]
[Site "Illertissen"]
[Date "2018.08.25"]
[Round "1"]
[White "Klaiss, Thomas"]
[Black "Namyslo, Holger"]
[Result "0-1"]
[WhiteElo "2021"]
[BlackElo "2275"]
[Annotator "TA"]
[PlyCount "62"]
[EventDate "2018.08.25"]
[EventType "tourn"]
[EventCountry "GER"]
[SourceTitle "playchess.com"]
[Source "ChessBase"]
[SourceQuality "1"]

{[%evp 14,62,5,-5,25,23,34,-3,-14,-26,-14,-29,-3,-9,80,74,92,90,87,43,38,47,47,44,57,10,52,36,25,38,41,0,-6,-72,-79,-95,-95,-91,-93,-87,-87,-89,-63,-68,-80,-69,-70,-683,-675,-668,-664]} 1. d4 d5 2. Nf3 Nf6 3. e3 c5 4. c3 e6 5. Nbd2 Nc6 6. Ne5 {D05: Colle System with ...e6} (6. Bd3 Be7 7. O-O O-O 8. Ne5 Nd7 9. f4 f5 10. g4 Nf6 11. gxf5 exf5 12. Ndf3 Ne4 13. Qe2 Rf6 14. Kh1 Rh6 15. Rg1 Nxe5 16. Nxe5 {0-1 (62) Kramnik,V (2812)-Vachier Lagrave,M (2789) Paris 2016 CBM 173 [Mekhitarian,K]}) 6... Nxe5 7. dxe5 Nd7 8. f4 $1 {LiveBook: 4 Games. The position is equal.} f6 9. exf6 Nxf6 10. Nf3 $146 ({Predecessor:} 10. Bd3 Bd6 11. O-O O-O 12. e4 Be7 13. e5 Ne8 {0-1 (33) Rodriguez,J (1876)-Guido,F (2346) Lyon 2003}) 10... Bd6 11. Bd3 O-O 12. O-O Bd7 13. b3 Qb6 {[#]} (13... Qe7 $11 {keeps the balance.}) 14. c4 $1 $16 Rad8 15. Qc2 h6 16. Bd2 Bc6 17. Rae1 Qc7 18. Bc1 a6 19. a4 d4 (19... b5 $5) 20. exd4 (20. Qe2 {is more complex.} Bxf3 21. Qxf3 dxe3 22. Rxe3 e5 23. Bb2) 20... Bxf4 21. Bxf4 Qxf4 22. d5 exd5 23. cxd5 (23. Bf5 $11 {remains equal.}) 23... Bxd5 $17 24. Qxc5 Bxb3 25. Ne5 Qd4+ ({But not} 25... Qxa4 $6 26. Ng6 $11) 26. Qxd4 Rxd4 27. a5 Nd7 28. Bf5 Nxe5 29. Rxe5 {White wants to play Bh7+!} Bc4 30. Bh7+ $2 {[%mdl 8192]} (30. Rc1 $15) 30... Kxh7 $19 {[%csl Gc4][%cal Rf8f1] [#]} 31. Rxf8 Rd1+ {Precision: White = 44%, Black = 32%.} 0-1

[Event "WEM-KT 2018"]
[Site "Illertissen"]
[Date "2018.08.25"]
[Round "1"]
[White "Guenther, Stefan"]
[Black "Maisch, Julian"]
[Result "1/2-1/2"]
[WhiteElo "1907"]
[BlackElo "2216"]
[Annotator "NA RC"]
[PlyCount "77"]
[EventDate "2018.08.25"]
[EventType "tourn"]
[EventCountry "GER"]
[SourceTitle "playchess.com"]
[Source "ChessBase"]
[SourceQuality "1"]
[TimeControl "40/6000+30:3000+30"]

1. f4 {[%emt 0:09:34]} d5 {[%emt 0:09:51]} 2. Nf3 {[%emt 0:00:11]} c5 {[%emt 0:00:17]} 3. e3 {[%emt 0:00:35]} a6 {[%emt 0:00:16] A03: Bird's Opening with 1...d5} (3... e6 4. b3 Bd6 5. Bb2 f6 6. Nc3 Nc6 7. g3 Nge7 8. Bg2 O-O 9. O-O a6 10. d3 b5 11. a4 b4 12. Ne2 {1-0 (41) Jobava,B (2698)-Smith,A (2506) Sweden 2017}) 4. Be2 {[%emt 0:00:38]} Nc6 {[%emt 0:00:28]} 5. c3 {[%emt 0:01:03]} Nf6 {[%emt 0:03:03]} 6. O-O {[%emt 0:00:38]} d4 {[%emt 0:14:40]} 7. Ne5 $146 {[%emt 0:07:54]} ({Predecessor:} 7. d3 dxe3 8. Bxe3 e6 9. Nbd2 Be7 10. Ne5 Qc7 {1-0 (23) De Barros E Silva,B (1866)-Rodrigues,R (2026) Joao Pessoa 2012}) 7... Qd6 {[%emt 0:02:54]} (7... Nxe5 $11 {hält das Gleichgewicht.} 8. fxe5 d3) 8. Nxc6 {[%emt 0:03:39]} Qxc6 {[%emt 0:04:08]} 9. cxd4 {[%emt 0:02:28]} cxd4 {[%emt 0:00:46]} 10. Bf3 {[%emt 0:01:26]} Qb6 {[%emt 0:02:00]} 11. Qa4+ {[%emt 0:02:31]} Bd7 {[%emt 0:00:42]} 12. Qxd4 {[%emt 0:00:12]} Qxd4 {[%emt 0:00:18]} 13. exd4 {[%emt 0:00:04]} O-O-O {[%emt 0:00:21]} 14. Nc3 {[%emt 0:03:09]} Bf5 {[%emt 0:24:42]} 15. d5 {[%emt 0:03:11]} Bg4 {[%emt 0:02:20]} 16. d4 {[%emt 0:16:53]} Bxf3 {[%emt 0:01:08]} 17. Rxf3 {[%emt 0:00:25]} Nxd5 {[%emt 0:00:57]} 18. Nxd5 {[%emt 0:00:27]} Rxd5 {[%emt 0:00:07]} 19. Rc3+ {[%emt 0:00:09]} Kb8 {[%emt 0:01:19]} 20. Be3 {[%emt 0:00:25]} e6 {[%emt 0:03:59]} 21. Rac1 {[%emt 0:05:37]} Bd6 $11 {[%emt 0:00:46]} 22. h3 {[%emt 0:06:57]} Rd8 {[%emt 0:03:16]} 23. Kf2 {[%emt 0:01:03]} Be7 {[%emt 0:08:22]} 24. g4 {[%emt 0:12:36]} Bf6 {[%emt 0:03:04]} 25. Rc7 {[%emt 0:00:34]} R5d7 {[%emt 0:00:57]} 26. Rxd7 {[%emt 0:01:08]} Rxd7 {[%emt 0:00:02]} 27. Rd1 {[%emt 0:01:24]} Rd5 {[%emt 0:09:07]} 28. Kf3 {[%emt 0:00:41]} g6 {[%emt 0:00:54]} 29. Ke4 {[%emt 0:02:05]} Ra5 {[%emt 0:02:25]} 30. a3 {[%emt 0:01:10]} Rb5 {[%emt 0:00:06]} 31. b4 {[%emt 0:05:09]} Bg7 {[%emt 0:02:12]} 32. d5 {[%emt 0:00:53]} f5+ {[%emt 0:00:17]} 33. gxf5 {[%emt 0:02:07]} gxf5+ {[%emt 0:00:09]} 34. Kf3 {[%emt 0:00:25]} Rxd5 {[%emt 0:00:18]} 35. Rg1 {[%emt 0:05:44]} Bf6 {[%emt 0:06:06]} 36. Bb6 {[%emt 0:02:34]} Kc8 {[%emt 0:01:53]} 37. Rc1+ {[%emt 0:00:28]} Kb8 {[%emt 0:00:40]} 38. Rg1 {[%emt 0:00:17]} Kc8 {[%emt 0:03:00]} 39. Rc1+ {[%emt 0:00:13]} 1/2-1/2

[Event "WEM-KT 2018"]
[Site "Illertissen"]
[Date "2018.08.25"]
[Round "1"]
[White "Kohde, Janis"]
[Black "Gabriel, Josef"]
[Result "1/2-1/2"]
[WhiteElo "1803"]
[BlackElo "2124"]
[Annotator "TA"]
[PlyCount "260"]
[EventDate "2018.08.25"]
[EventType "tourn"]
[EventCountry "GER"]
[SourceTitle "playchess.com"]
[Source "ChessBase"]
[SourceQuality "1"]

{[%evp 11,260,10,13,-35,-39,-29,0,-45,-6,-17,1,4,43,46,137,107,145,132,254,229,327,327,374,368,356,276,264,273,251,240,325,296,289,276,293,221,273,262,245,191,172,0,235,145,203,210,229,151,166,0,226,0,222,181,404,418,650,535,655,653,585,493,493,488,486,474,461,456,411,402,516,407,407,407,378,408,426,126,294,80,294,293,702,681,677,678,650,0,0,0,0,0,3,2,5,0,0,0,5,0,0,0,0,0,0,0,0,0,0,0,0,0,0,0,0,0,0,0,0,0,0,0,0,0,0,0,0,0,0,0,0,0,0,0,0,0,0,0,0,0,0,0,0,0,0,0,0,0,0,0,0,0,0,0,0,0,0,0,0,0,0,0,0,0,0,0,0,0,0,0,0,0,0,0,0,0,0,0,0,0,0,0,0,0,0,0,0,0,0,0,0,0,0,0,0,0,0,0,0,0,0,0,0,0,0,0,0,0,0,0,0,0,0,0,0,0,0,0,0,0,0,0,0,0,0,0,0,0,0,0,0,0,0,0,0,0,0,0,0,0,0,0,0,0,0,0,0,0,0,0,0]} 1. d4 g6 2. Nf3 Bg7 3. e4 d6 4. c3 Nf6 5. Nbd2 O-O 6. Bc4 c5 {LiveBook: 3 Partien. B07: Pirc-Ufimzew-Verteidigung} (6... Nc6 7. O-O Bg4 8. Re1 e5 9. h3 Bd7 10. dxe5 dxe5 11. a4 Nh5 12. Nb3 b6 13. a5 Qe7 14. Bg5 Bf6 15. Be3 Rad8 16. Qe2 {1-0 (38) Korley,K (2443)-Bosiocic,M (2589) Helsingor 2018}) 7. h3 cxd4 8. cxd4 Nc6 $146 {Schwarz hat minimalen Vorteil.} ({Vorgänger:} 8... d5 9. exd5 Nxd5 10. O-O Nc6 11. Nb3 Bf5 12. Bg5 Rc8 13. Rc1 h6 {½-½ (68) Heisel,G (2225)-Koch,E (2187) Germany 1998}) 9. O-O Qb6 10. d5 Nd4 11. Re1 Nh5 12. Bf1 e5 (12... Nxf3+ $14 13. Nxf3 e6) 13. Nxd4 exd4 14. Nc4 Qc5 (14... Qd8 $16 15. g4 b5) 15. g4 $18 Nf6 (15... b5 {ist wohl besser.}) 16. Bf4 Ne8 17. Rc1 Bd7 18. Ne5 Qxc1 19. Bxc1 dxe5 20. Bd2 f5 21. Bb4 Rf7 22. gxf5 gxf5 23. exf5 Rxf5 24. Bd3 Rf7 25. Bd2 Nd6 26. Bb4 $2 ({Lieber} 26. f4 $18 exf4 27. Qf3) 26... Nf5 $2 (26... Ne8 $1 $11 {und Schwarz ist OK.}) 27. Re4 Rc8 (27... a5 $16 {war angesagt.}) 28. Qe2 a6 29. Bd2 Rcf8 30. Bb4 (30. Rg4 $142) 30... Rc8 $1 31. Bd2 $2 (31. Kh1 $18) 31... Re8 $2 {[#]} (31... Rcf8 $1 $11) 32. Qh5 $1 $36 {[%mdl 2048] Schwarz steht unter starkem Druck.} Nd6 $2 (32... Rf6 33. Kh1 h6) 33. Rh4 e4 (33... h6 $142 34. Bg6 Rf6 35. Bxh6 Bf5) 34. Qxh7+ Kf8 35. Bb4 Be5 36. Qh6+ Rg7+ 37. Kh1 exd3 38. Bxd6+ Bxd6 39. Qxd6+ Kg8 40. Qh6 {Und weiter mit Dh8+ wäre nett.} Bf5 {Schwarz hofft, mit ...Le4+ fortzusetzen.} 41. Qh8+ Kf7 42. Qh5+ Bg6 43. Qf3+ Kg8 44. Qd1 $2 (44. d6 $18 {und Weiss behält klar die Oberhand.}) 44... Re2 $2 (44... Be4+ $16 {ist eine bessere Verteidigung.} 45. Rxe4 Rxe4) 45. Rxd4 $2 (45. d6 $18 {und der Rest ist Schweigen.} Rxf2 46. Rxd4) 45... Rxf2 $2 (45... Bh5 $16 46. Rxd3 Rxf2) 46. d6 Bf5 $2 {[#]} (46... Bh5 47. d7 (47. Qxh5 Rf1+ 48. Kh2 Rf2+ 49. Kh1 Rf1+ 50. Kh2 Rf2+ 51. Kh1 $11) 47... Bxd1 48. d8=Q+ Rf8 49. Qd5+ Rff7) 47. d7 $1 {[%cal Rd7d8]} Bxd7 {[#]} 48. Rxd7 $1 {[%mdl 512]} Rxd7 {[%mdl 4096] Endspiel KD-KTT} 49. Qg4+ $2 ({Weiss braucht} 49. Qg1+ $18 Kf7 50. Qxf2+ Ke6 51. Qd2) 49... Rg7 $11 {Die Stellung ist ausgeglichen.} 50. Qc4+ Rgf7 51. Qxd3 R2f6 52. Qg3+ Rg7 53. Qb8+ Kh7 54. Qe5 Rfg6 55. Qf5 Re7 56. h4 Kg7 57. h5 Rge6 58. Qg5+ Kh7 59. Qf5+ Kh6 60. Kh2 Re2+ 61. Kh1 {[%csl Gh5][%cal Rf5g6]} Re1+ 62. Kh2 {[%csl Gh5][%cal Rf5g6]} R7e2+ 63. Kh3 {[%csl Gh5][%cal Rf5g6]} Rh1+ 64. Kg3 {[%csl Gh5][%cal Rf5g6]} Rg1+ 65. Kh3 Ree1 {...Th1+ ist eine echte Drohung.} 66. Qf8+ Kxh5 67. Qf7+ Kg5 {Droht ...Th1+ und aus.} 68. Qxb7 Re6 {[%cal Re6h6]} 69. Qg7+ Rg6 70. Qe5+ Kh6 71. Qf4+ Kg7 72. Qc7+ Kf6 {[%cal Rg6h6]} 73. Qf4+ Ke6 74. Qe4+ Kf7 75. Qb7+ Kg8 {[%cal Rg6h6]} 76. Qd5+ Kh7 77. Qf7+ Kh6 {[%cal Rg1h1]} 78. Qf4+ Kg7 79. Qc7+ Kh8 {[%cal Rg6h6]} 80. Qe5+ Rg7 81. Qe8+ Rg8 {[%cal Rg1h1]} 82. Qh5+ Kg7 83. Qe5+ Kh6 {Weiss muss nun ...Th1+ beachten.} 84. Qf4+ R8g5 85. Qf8+ Kg6 {[%cal Rg5h5]} 86. Qd6+ Kh5 {Und ...Th1+ würde nun gewinnen.} 87. Qc6 R1g3+ 88. Kh2 Rg6 89. Qe4 R3g4 90. Qe5+ R4g5 91. Qe2+ Kh6 92. Qe3 Kh7 93. Qe7+ Rg7 94. Qe4+ R5g6 95. b4 Rf7 (95... Kh8 $5 96. Qe8+ $8 Kh7 $11) 96. a3 Rff6 97. Qe7+ Kh6 98. Qe3+ Kg7 99. Qa7+ Rf7 100. Qd4+ Kg8 101. Qd8+ Kh7 102. Qd3 Rff6 103. Qd7+ Rg7 104. Qd3+ Kh6 105. Qe3+ Kg6 106. a4 Kf7 107. Qa7+ Kg8 {[%cal Rf6h6]} 108. Qa8+ Kh7 {[%cal Rf6h6]} 109. Qe4+ Rgg6 110. Qe7+ Kg8 111. Qe8+ Kg7 112. Qe7+ Rf7 113. Qe5+ Rff6 114. Qe7+ Kh6 115. Qe3+ Kh5 116. Qe5+ Kg4 117. Qe4+ Kg5 118. Qe3+ Rf4 119. Qe5+ Kg4 120. Qe2+ Kf5 {[%cal Rf4h4]} 121. Qd3+ Re4 122. Qd5+ Re5 123. Qf3+ Ke6 {zielt auf ...Th6+ ab.} 124. Qc6+ Kf7 {[%cal Re5h5]} 125. Qd7+ Re7 126. Qd5+ Kg7 127. Qd4+ Kf7 128. Qd5+ Kf6 {( -> ...Th7+)} 129. Qd4+ Kf7 130. Qd5+ Kf6 {Precision: Weiß = 57%, Schwarz = 54%.} 1/2-1/2

[Event "WEM-KT 2018"]
[Site "Illertissen"]
[Date "2018.08.25"]
[Round "1"]
[White "Schelberg, Martin, Dr."]
[Black "Jakob, Georg"]
[Result "0-1"]
[WhiteElo "1727"]
[BlackElo "2084"]
[Annotator "NA RC"]
[PlyCount "42"]
[EventDate "2018.08.25"]
[EventType "tourn"]
[EventCountry "GER"]
[SourceTitle "playchess.com"]
[Source "ChessBase"]
[SourceQuality "1"]
[TimeControl "40/6000+30:3000+30"]

1. Nf3 {[%emt 0:09:37]} c5 {[%emt 0:09:36]} 2. g3 {[%emt 0:00:21]} g6 {[%emt 0:00:06]} 3. Bg2 {[%emt 0:00:07]} Bg7 {[%emt 0:00:07]} 4. O-O {[%emt 0:00:12]} Nc6 {[%emt 0:00:03]} 5. d3 {[%emt 0:00:22]} e5 {[%emt 0:00:30]} 6. e4 {[%emt 0:00:36]} d6 {[%emt 0:00:14]} 7. Nc3 {[%emt 0:02:58]} Nge7 {[%emt 0:01:06]} 8. Bd2 {[%emt 0:06:20]} O-O {[%emt 0:02:37] LiveBook: 3 Partien} 9. Qc1 $15 {[%emt 0:10:48]} a6 {[%emt 0:07:19]} 10. a4 {[%emt 0:02:13]} f5 {[%emt 0:04:15]} 11. Bg5 {[%emt 0:05:27]} Qe8 {[%emt 0:04:31]} 12. Bh6 {[%emt 0:17:44]} f4 {[%emt 0:03:25]} 13. Bxg7 {[%emt 0:00:44]} Kxg7 {[%emt 0:00:01]} 14. Ne2 {[%emt 0:03:18]} Qf7 {[%emt 0:08:10]} 15. gxf4 {[%emt 0:10:33]} exf4 {[%emt 0:02:23]} 16. Qd2 {[%emt 0:03:01]} h6 {[%emt 0:02:44]} 17. h3 {[%emt 0:03:41]} g5 {[%emt 0:03:42]} 18. Qc3+ {[%emt 0:03:14]} Kh7 {[%emt 0:01:43]} 19. Kh2 {[%emt 0:12:27]} Qh5 {[%emt 0:08:42]} 20. Nfg1 {[%emt 0:03:54]} g4 {[%emt 0:04:34]} 21. Ng3 {[%emt 0:06:49]} fxg3+ {[%emt 0:00:59]} 0-1